000 005650000a22002050004500
003 LK-CoMWRAF
005 20231130111623.0
008 230817t1997 ||||| |||| 00| 0 eng d
020 _a8172232594
040 _aLK-CoMWRAF
_dLK-CoMWRAF
_eLK-CoMWRAF
041 _aeng
082 _a297.14
_bSHO
100 _aShourie, Arun
245 _aThe World of fatwas :
_bOr the shariah in action
260 _aNew Delhi :
_bHarper Collins,
_c1997
300 _a685p
650 _aIslam
650 _aControversial literature; Islam -- India -- Miscellanea
942 _cBK
999 _c2881
_d2881